01379nam a2200313Ia 4500001001200000003000800012006001900020007001500039008004100054010001700095020001500112040002100127035002100148050002800169100003900197245013000236260005800366300005100424504006600475533015200541610004800693650006300741650005700804655002900861700001700890710001700907856012600924999001501050ebr10272906CaPaEBRm u cr cn|||||||||011212s2002 enkabf sb 001 0 eng d z 2001059302 z0199250057 aCaPaEBRcCaPaEBR a(OCoLC)64679247214aHE3020.B76bG682 2002eb1 aGourvish, T. R.q(Terence Richard)10aBritish rail, 1974-97h[electronic resource] :bfrom integration to privatisation /cTerry Gourvish ; research by Mike Anson. aOxford ;aNew York :bOxford University Press,c2002. axxix, 705 p., [32] p. of plates :bill., maps. aIncludes bibliographical references (p. [518]-677) and index. aElectronic reproduction.bPalo Alto, Calif. :cebrary,d2009.nAvailable via World Wide Web.nAccess may be limited to ebrary affiliated libraries.20aBritish Rail (Firm)xHistoryy20th century. 0aRailroads and statezGreat BritainxHistoryy20th century. 0aPrivatizationzGreat BritainxHistoryy20th century. 7aElectronic books.2local1 aAnson, Mike.2 aebrary, Inc.40uhttp://site.ebrary.com/lib/rucke/Doc?id=10272906zAn electronic book accessible through the World Wide Web; click to view c6362d6362